LDR 00894naa#a2200181#i#450# 001 RU\\bibl\122869 005 20260514015937.4 011 ## _a2073-4018 100 ## _a20260508b2026####ek#y0rusy0150####ca 102 ## _aRU 200 1# _aБольше, чем просто защита: системы упаковки как инструмент управляемого созревания сыра _eЖурнальная статья 210 1# _aКемерово _cКемеровский государственный университет _d2026 215 ## _a2 с. 608 ## _aЖурнальная статья _2local 675 ## _aСельское хозяйство. Лесное хозяйство. Охота. Рыбное хозяйство. 63 _z 700 #1 _aРогов _gГригорий Новомирович 700 #1 _aСмирнова _gТатьяна Сергеевна 856 4# _ajcenter.kemsu.ru _u